000 00948nam a2200217 a 4500
001 65718
003 BD-RjUL
005 20211209081445.0
008 170309s1981 bg |||| |||| 000 0 ben d
020 _c: Tk. 50.00
035 _a(BD-RjUL)65848
040 _aBD-RjUL
_bben
_cBD-RjUL
_dBD-RjUL
041 _aben
082 _223
_a891.4409
_bKOK 1987
245 1 0 _aকবি কৃত্তিবাস [ সংকলন গ্রন্থ ] /
_cকবি কৃত্তিবাস স্মারক গ্রন্থ প্রকাশক সমিতি
300 _a৩০২ পৃ. ;
_c২১ সেমি.
650 _aবাংলা সাহিত্য
_xইতিহাস ও সমালোচনা
_9179529
650 _aBengali Literature
_xHIstory and Criticism
_9188646
710 _aকবি কৃত্তিবাস স্মারক গ্রন্থ প্রকাশক সমিতি
_9194343
942 _2ddc
_cBK
999 _c65718
_d65718